Improving productivity of drylands by sustainable resourses utilisation and management (Record no. 155721)

MARC details
000 -LEADER
fixed length control field 00631nam a22002177a 4500
003 - CONTROL NUMBER IDENTIFIER
control field OSt
020 ## - INTERNATIONAL STANDARD BOOK NUMBER
International Standard Book Number 9789385516191
082 ## - DEWEY DECIMAL CLASSIFICATION NUMBER
Classification number 631.586
Item number DEV/IM
245 ## - TITLE STATEMENT
Title Improving productivity of drylands by sustainable resourses utilisation and management
260 ## - PUBLICATION, DISTRIBUTION, ETC. (IMPRINT)
Place of publication, distribution, etc New Delhi
Name of publisher, distributor, etc New India publishing agency
Date of publication, distribution, etc 2016
300 ## - PHYSICAL DESCRIPTION
Extent xviii, 355
546 ## - LANGUAGE
Language note English
650 ## - SUBJECT ADDED ENTRY--TOPICAL TERM
Topical term or geographic name as entry element Feeding management
650 ## - SUBJECT ADDED ENTRY--TOPICAL TERM
Topical term or geographic name as entry element Soil fertility
650 ## - SUBJECT ADDED ENTRY--TOPICAL TERM
Topical term or geographic name as entry element Growth and development of bambara ground nut
700 ## - ADDED ENTRY--PERSONAL NAME
Personal name Devi Dayal
700 ## - ADDED ENTRY--PERSONAL NAME
Personal name Deepesh Machiwal
700 ## - ADDED ENTRY--PERSONAL NAME
Personal name Shamsudheen Mangalassery
700 ## - ADDED ENTRY--PERSONAL NAME
Personal name Tripathi R S
942 ## - ADDED ENTRY ELEMENTS (KOHA)
Source of classification or shelving scheme Dewey Decimal Classification
Koha item type Books (General)
Holdings
Lost status Source of classification or shelving scheme Damaged status Not for loan Collection code Home library Current library Shelving location Date acquired Cost, normal purchase price Total Checkouts Full call number Barcode Date last seen Koha item type
  Dewey Decimal Classification     General KAU Central Library, Thrissur KAU Central Library, Thrissur General 13/06/2017 3580.00   631.586 DEV/IM 226199 13/06/2017 Books (General)
Kerala Agricultural University Central Library
Thrissur-(Dt.), Kerala Pin:- 680656, India
Ph : (+91)(487) 2372219
E-mail: librarian@kau.in
Website: http://library.kau.in/